Politics in industrial society : the experience of the British system since 1911 /

Bibliographic Details
Main Author: Middlemas, Keith, 1935-2013
Format: Book
Language:English
Published: London : A. Deutsch, 1979.
Subjects:

MARC

Tag First Indicator Second Indicator Subfields
LEADER 00000cam a2200000 a 4500
001 in00000084855
005 20151008054409.0
008 800422s1979 enk b 00110 engm
010 |a  80468589  
015 |a GB*** 
020 |a 0233971297 :  |c 14.95 
035 |a (OCoLC)06329258 
035 |9 AAJ0537AM 
040 |a DLC  |c DLC  |d TXA  |d UtOrBLW 
043 |a e-uk--- 
049 |a TXAM  |c [1442128] 
050 0 0 |a HD8390  |b .M52 
082 0 |a 331/.0941 
100 1 |a Middlemas, Keith,  |d 1935-2013. 
245 1 0 |a Politics in industrial society :  |b the experience of the British system since 1911 /  |c Keith Middlemas. 
264 1 |a London :  |b A. Deutsch,  |c 1979. 
300 |a 512 pages ;  |c 25 cm. 
336 |a text  |b txt  |2 rdacontent 
337 |a unmediated  |b n  |2 rdamedia 
338 |a volume  |b nc  |2 rdacarrier 
504 |a Includes bibliographical references and index. 
650 0 |a Industrial relations  |z Great Britain  |x History. 
650 0 |a Industrial policy  |z Great Britain  |x History. 
651 0 |a Great Britain  |x Politics and government  |y 20th century. 
999 |a MARS 
999 f f |s 2801f508-202b-3903-9b89-7b4230593161  |i 55c79f29-d06f-3bb3-b360-883590583114  |t 0 
952 f f |p ric  |a Texas A&M University  |b Rellis Campus  |c Joint Library Facility  |d Remote Storage  |t 0  |e HD8390 .M52  |h Library of Congress classification  |i unmediated -- volume  |m A14806130038 
998 f f |a HD8390 .M52  |t 0  |l Remote Storage